fun pac-man Quiz - Statistics

General Stats
  • This quiz has been taken 28 times
    23 since last reset
  • The average score is 6 of 13
Answer Stats
Hint Answer % Correct
the pink ghosts nickname pinky
90%
the main character pac-man
70%
the orange ghosts nickname clyde
60%
the red ghosts nickname Blinky
50%
the blue ghost nickname Inky
50%
pac-mans kid#1 is pac-man__ jr.
50%
who is pac-man wife Mrs pac-man
50%
what is the name of the movie when people think pac-man is a villian Pixel
50%
when did pac-man come out 1980
30%
pac-mans kid#2 is___pac-man baby
30%
the small things that pac-man eats pellets
30%
what pac-man eats to eat the ghosts power pellets
30%
what pac-mans original name puck-man
10%
No matching quizzes found
Score Distribution
Percent of People with Each Score
Percentile by Number Answered
Your Score History
You have not taken this quiz since the last reset